Un fantasma en apuros / (Record no. 154072)

MARC details
000 -CABECERA
campo de control de longitud fija 00642nam a2200205 u 4500
005 - FECHA Y HORA DE LA ÚLTIMA TRANSACCIÓN
campo de control 20250924063934.0
008 - ELEMENTOS DE LONGITUD FIJA--INFORMACIÓN GENERAL
campo de control de longitud fija 110928s2005 r 000 0 eng d
020 ## - NÚMERO INTERNACIONAL NORMALIZADO PARA LIBROS
Número Internacional Estándar del Libro 8495722933
035 ## - NÚMERO DE CONTROL DEL SISTEMA
Número de control de sistema UPN01000181969
049 ## - COLECCIÓN
Colección I
050 #4 - SIGNATURA TOPOGRÁFICA DE LA BIBLIOTECA DEL CONGRESO
Número de clasificación PZ74.9
Número de documento/Ítem G3.32
100 1# - ASIENTO PRINCIPAL--NOMBRE PERSONAL
Nombre de persona Gallego García, Laura,
Fechas asociadas al nombre 1977-
9 (RLIN) 31781
245 10 - MENCIÓN DE TÍTULO
Título Un fantasma en apuros /
Mención de responsabilidad, etc. Laura Gallego ; il Santy Gutíerrez.
260 ## - PUBLICACIÓN, DISTRIBUCIÓN, ETC.
Lugar de publicación, distribución, etc. Alzira, Esp. :
Nombre del editor, distribuidor, etc. Algar,
Fecha de publicación, distribución, etc. 2005.
300 ## - DESCRIPCIÓN FÍSICA
Extensión 23 p. :
Otras características físicas il. col.
440 #0 - MENCIÓN DE SERIE/ASIENTO SECUNDARIO--TÍTULO
Título Maleta magica ;
Designación de volumen o secuencia 9.
Nombre de parte o sección de la obra Primeros lectores
650 #4 - ASIENTO SECUNDARIO DE MATERIA - TERMINO TEMATICO
Término de materia o nombre geográfico como elemento de entrada Libros y lectura para niños
9 (RLIN) 2290
650 #4 - ASIENTO SECUNDARIO DE MATERIA - TERMINO TEMATICO
Término de materia o nombre geográfico como elemento de entrada Fantasmas
Subdivisión de forma Literatura infantil
9 (RLIN) 11355
905 ## - TIPO DE MATERIAL
Tipo de material Infantil
Holdings
Estado de retiro Estado de pérdida Fuente del sistema de clasificación o colocación Estado dañado No para préstamo Código de colección Localización permanente Ubicación/localización actual Ubicación en estantería Fecha de adquisición Total de préstamos Clasificación Código de barras Fecha visto por última vez Número de copia Tipo de ítem Koha
    Library of Congress Classification     Infantil Bib. Gregorio Torres Quintero Bib. Gregorio Torres Quintero Sala infantil Planta baja 10/05/2023 8 PZ74.9 G3.32 275824 31/12/2020 1 Libro